[Event "FIDE World Rapid Team"]
[Site "London ENG"]
[Date "2025.06.13"]
[Round "9.1"]
[White "Muzychuk, Anna"]
[Black "Divya, Deshmukh"]
[Result "1/2-1/2"]
[WhiteElo "2409"]
[BlackElo "2386"]
[EventDate "2025.06.11"]
[Board "5"]

1. e4 e5 2. Nf3 Nc6 3. Bc4 Bc5 4. d3 Nf6 5. Nc3 h6 6. h3 d6 7. Na4 a6 8.
Nxc5 dxc5 9. a3 Qd6 10. b4 cxb4 11. axb4 b5 12. Bb3 Nxb4 13. Bb2 Nd7 14.
O-O O-O 15. Ba3 c5 16. c3 Nc6 17. Bd5 Bb7 18. d4 exd4 19. cxd4 b4 20. dxc5
Qxc5 21. Bxb4 Nxb4 22. Bxb7 Rad8 23. Qa4 Qb6 24. Rfb1 Nc5 25. Rxb4 Nxa4 26.
Rxb6 Nxb6 27. Rxa6 Rd1+ 28. Kh2 Rb1 29. e5 Rb8 30. Be4 Rb4 31. Bd3 Ra4 32.
Rxa4 Nxa4 33. e6 fxe6 34. Bg6 Kf8 35. Ne5 Rb2 36. f4 Nc3 37. h4 Nd5 38. Nd3
Rd2 39. Kg3 Ne3 40. Be4 Ke7 41. Ne5 Nf5+ 42. Kh3 Nd6 43. Bf3 Nf7 44. Nxf7
Kxf7 45. g3 Rf2 46. Be4 Kf6 47. Kg4 Ra2 48. Bc6 Rb2 49. Be4 Rb4 50. Kf3 g5
51. hxg5+ hxg5 52. Bc2 Rc4 53. Bb1 e5 54. fxe5+ Kxe5 55. Bg6 g4+ 56. Ke3
Rc3+ 57. Kf2 Rf3+ 58. Kg2 Rb3 59. Bh5 Kf5 60. Be8 Rb2+ 61. Kg1 Ke4 62. Bc6+
Ke3 63. Kf1 Rc2 64. Bd5 Rc5 65. Bb7 Rf5+ 66. Kg2 Rf2+ 67. Kg1 Rc2 68. Kf1
Rc7 69. Bd5 Rd7 70. Bc6 Rf7+ 71. Kg1 Rf6 72. Bb7 Rf3 73. Kg2 Ke2 74. Ba6+
Ke3 75. Bb7 Rf2+ 76. Kg1 Rf7 77. Bd5 Rd7 78. Bc6 Re7 79. Kg2 Rc7 80. Bd5
Re7 81. Kg1 Re4 82. Bc6 Rc4 83. Bd5 Rc5 84. Bb7 Rc1+ 1/2-1/2

[Event "FIDE World Rapid Team"]
[Site "London ENG"]
[Date "2025.06.13"]
[Round "9.2"]
[White "Erigaisi, Arjun"]
[Black "Rapport, Richard"]
[Result "1-0"]
[WhiteElo "2708"]
[BlackElo "2709"]
[EventDate "2025.06.11"]
[Board "1"]

1. e4 c5 2. Nf3 Nc6 3. d4 cxd4 4. Nxd4 Nf6 5. Nc3 e6 6. Ndb5 d6 7. Bf4 e5
8. Bg5 a6 9. Na3 b5 10. Nd5 Be7 11. Bxf6 Bxf6 12. c3 Rb8 13. Nc2 Bg5 14. a4
bxa4 15. Ncb4 Nxb4 16. Nxb4 Bd7 17. Bxa6 O-O 18. O-O Be7 19. Qe2 f5 20.
exf5 Rxf5 21. Bd3 Rf8 22. Bc2 Qe8 23. Qd1 Ra8 24. Nd5 Rb8 25. Bxa4 Rxb2 26.
Bb3 Kh8 27. Ne3 Qg6 28. Ra7 Bg5 29. Bc2 Qe6 30. Bf5 Rxf5 31. Nxf5 Qxf5 32.
Ra8+ Bc8 33. Qf3 g6 34. Qxf5 gxf5 35. Rxc8+ Kg7 36. Rc7+ Kg6 37. Rd1 d5 38.
Rc6+ Kh5 39. Re6 e4 40. Re5 f4 41. Rexd5 e3 42. fxe3 fxe3 43. Re1 Kg4 44.
h3+ Kh4 45. Rxg5 Kxg5 46. Rxe3 Rc2 47. Kh2 h5 48. Kg3 h4+ 49. Kf3 Kf5 50.
Rd3 Ke5 51. Re3+ Kf5 52. g4+ hxg3 53. Kxg3 Rc1 54. Rf3+ Kg5 55. Kf2 Rc2+
56. Ke1 Ra2 57. Kd1 Rb2 58. Kc1 Ra2 59. c4 Ra4 60. Rc3 Kf6 61. Kb2 Ra8 62.
Re3 Kf5 63. Kc3 Kf4 64. Re1 Rc8 65. h4 Kg4 66. Rh1 Kh5 67. Kb4 Rb8+ 68. Ka5
Ra8+ 69. Kb6 1-0

[Event "FIDE World Rapid Team"]
[Site "London ENG"]
[Date "2025.06.13"]
[Round "9.2"]
[White "Grischuk, Alexander"]
[Black "Harikrishna, Pentala"]
[Result "1-0"]
[WhiteElo "2696"]
[BlackElo "2634"]
[EventDate "2025.06.11"]
[Board "2"]

1. e4 e5 2. Nf3 Nc6 3. Bb5 a6 4. Ba4 Nf6 5. O-O Be7 6. Bxc6 dxc6 7. d3 Nd7
8. Nc3 Bd6 9. Nd2 Nf8 10. Nc4 Ng6 11. a4 a5 12. Nxd6+ cxd6 13. d4 O-O 14.
dxe5 dxe5 15. Qxd8 Rxd8 16. Be3 Be6 17. Rfd1 Nf8 18. f3 f6 19. g4 Kf7 20.
h4 Ke8 21. Kf2 Bf7 22. Ne2 Ne6 23. Ng3 g6 24. g5 Ke7 25. gxf6+ Kxf6 26. Nf1
Kg7 27. Rxd8 Rxd8 28. Bb6 Ra8 29. Rd1 Ra6 30. Be3 Be8 31. Rd6 c5 32. Rxa6
bxa6 33. b3 c4 34. Nd2 cxb3 35. cxb3 Nd8 36. Nc4 Nc6 37. Bd2 Bf7 38. Bc3
Bxc4 39. bxc4 Kf7 40. Kg3 Ke6 41. f4 exf4+ 42. Kxf4 h6 43. Bg7 Nb4 44. Ke3
h5 45. Bc3 Kd6 46. Bd4 Nc2+ 47. Kd3 Nb4+ 48. Kd2 Ke6 49. Bg7 Kd6 50. Bd4
Ke6 51. Ke2 Kd6 52. Kf3 Nc6 53. Ke3 Ke6 54. Bg7 Nb4 55. Bf8 Nc6 56. Kf4 Kf7
57. Bd6 Ke6 58. c5 Nd4 59. e5 Nc6 60. Kg5 Kf7 61. e6+ Kxe6 62. Kxg6 Nd4 63.
Kxh5 Kf5 64. Kh6 Kf6 65. Kh7 Kf7 66. Be5 Nf3 67. Bg3 Nd4 68. Bf2 Nc6 69. h5
Ne5 70. Bg3 Nc6 71. Kh6 Nd4 72. Bf2 Nc6 73. Kg5 Kg7 74. Be3 Ne7 75. Bd2 Kf7
76. Bxa5 Nc6 77. Bc3 Nd8 78. h6 1-0

[Event "FIDE World Rapid Team"]
[Site "London ENG"]
[Date "2025.06.13"]
[Round "9.2"]
[White "Anton Guijarro, David"]
[Black "Esipenko, Andrey"]
[Result "1/2-1/2"]
[WhiteElo "2625"]
[BlackElo "2651"]
[EventDate "2025.06.11"]
[Board "3"]

1. e4 e5 2. Nf3 Nf6 3. Nxe5 d6 4. Nf3 Nxe4 5. Nc3 Nxc3 6. dxc3 Be7 7. Be3
O-O 8. Qd2 Nd7 9. O-O-O Re8 10. Bd3 Nc5 11. Bxc5 dxc5 12. Rhe1 g6 13. Qe3
Bd7 14. Be4 Bd6 15. Qd3 1/2-1/2

[Event "FIDE World Rapid Team"]
[Site "London ENG"]
[Date "2025.06.13"]
[Round "9.2"]
[White "Ansat, Aldiyar"]
[Black "Pranav, V"]
[Result "0-1"]
[WhiteElo "2383"]
[BlackElo "2537"]
[EventDate "2025.06.11"]
[Board "4"]

1. e4 Nc6 2. Nf3 d6 3. d4 Nf6 4. Nc3 g6 5. Be2 Bg7 6. O-O O-O 7. d5 Nb8 8.
Be3 e5 9. dxe6 Bxe6 10. Qd2 Nc6 11. Bh6 Re8 12. Bxg7 Kxg7 13. Bb5 Bg4 14.
Nd4 Bd7 15. Rfe1 a6 16. Nxc6 Bxc6 17. Bd3 Nd7 18. Re3 Qg5 19. Rf1 Qc5 20.
a3 a5 21. Kh1 b5 22. Ne2 Nf6 23. Ng3 h5 24. b4 axb4 25. axb4 Qe5 26. f4 Qb2
27. e5 dxe5 28. fxe5 Rxe5 29. Bxg6 fxg6 30. Rb3 Qa1 31. Qf2 Re7 32. c3 Ng4
33. Qd4+ Kh7 34. h3 Qa2 35. Rg1 Re1 36. Ne4 Rxe4 37. Qc5 Re1 0-1

[Event "FIDE World Rapid Team"]
[Site "London ENG"]
[Date "2025.06.13"]
[Round "9.2"]
[White "Tsolakidou, Stavroula"]
[Black "Kamalidenova, Meruert"]
[Result "0-1"]
[WhiteElo "2394"]
[BlackElo "2380"]
[EventDate "2025.06.11"]
[Board "5"]

1. d4 Nf6 2. c4 g6 3. Nc3 Bg7 4. e4 d6 5. h3 O-O 6. Be3 Nc6 7. d5 Ne5 8. f4
Ned7 9. g4 c6 10. Nf3 cxd5 11. cxd5 b6 12. Nd4 Nc5 13. Nc6 Qe8 14. Bg2 Ba6
15. Bxc5 bxc5 16. Qd2 Rc8 17. O-O-O Bb7 18. Rhe1 Nd7 19. e5 dxe5 20. Nxa7
Ra8 21. Nc6 Nb6 22. Nxe5 Na4 23. a3 Nxc3 24. Qxc3 Qa4 25. Re4 Qa7 26. Qc2
Rfd8 27. Rc4 Rac8 28. h4 Qb8 29. h5 Bxe5 30. fxe5 Qxe5 31. hxg6 hxg6 32.
Qe4 Qg5+ 33. Qf4 Qxf4+ 34. Rxf4 e6 35. Rdf1 Rc7 36. d6 Rxd6 37. Bxb7 Rxb7
38. Rc4 Rd5 39. Kc2 f5 40. gxf5 exf5 41. Rg1 Kf7 42. Rh4 Kf6 43. Rh6 Rg7
44. Kc3 f4 45. Kc4 Rf5 46. a4 f3 47. a5 f2 48. Rf1 Rb7 49. Kc3 Rf3+ 50. Kc2
Kg5 51. Rh2 Rbf7 52. a6 R3f6 53. Rg2+ Kh6 54. a7 Rxa7 55. Rgxf2 Rxf2+ 56.
Rxf2 g5 57. Rh2+ Kg6 58. Kd3 Re7 59. Rg2 Re5 60. Rg1 Kh5 61. Kc4 g4 62. b4
cxb4 63. Kxb4 Rd5 64. Kc4 Rd7 0-1

[Event "FIDE World Rapid Team"]
[Site "London ENG"]
[Date "2025.06.13"]
[Round "9.2"]
[White "Aiten, Islam"]
[Black "Atharvaa, P Tayade"]
[Result "0-1"]
[WhiteElo "2037"]
[BlackElo "1952"]
[EventDate "2025.06.11"]
[Board "6"]

1. e4 c5 2. Nf3 d6 3. d4 cxd4 4. Nxd4 Nf6 5. Nc3 Nc6 6. Be2 e5 7. Nxc6 bxc6
8. O-O Be7 9. Qd3 O-O 10. Qg3 Be6 11. f4 exf4 12. Bxf4 Ne8 13. Rad1 Rb8 14.
b3 Qa5 15. Kh1 Rd8 16. h3 Kh8 17. Bd2 Qc5 18. Bd3 d5 19. e5 Qb6 20. Qf3 Qc7
21. Qh5 g6 22. Qh6 Qxe5 23. Bxg6 Qg7 24. Bd3 Rg8 25. Qxg7+ Nxg7 26. Ne2 c5
27. Bc3 d4 28. Bb2 Nh5 29. c3 Bd5 30. Rg1 Ng3+ 31. Nxg3 Rxg3 32. Bf5 dxc3
33. Ba1 Rxg2 34. Rxg2 Bxg2+ 35. Kxg2 Rxd1 36. Bxc3+ Kg8 37. Kf3 Rf1+ 38.
Ke4 Rf2 39. a4 Bd6 40. Bd7 Kf8 41. Bg4 f5+ 42. Bxf5 Rf4+ 43. Kd5 Rxf5+ 44.
Kxd6 Rf3 45. Be5 Rxb3 46. Kxc5 Rxh3 47. Bb8 a5 48. Kb5 Rh5+ 49. Ka6 Rf5 50.
Bc7 h5 51. Bxa5 Rxa5+ 52. Kxa5 h4 53. Kb6 h3 54. a5 h2 55. a6 h1=Q 56. Ka7
Qc6 0-1

[Event "FIDE World Rapid Team"]
[Site "London ENG"]
[Date "2025.06.13"]
[Round "9.3"]
[White "Keymer, Vincent"]
[Black "Abdusattorov, Nodirbek"]
[Result "1-0"]
[WhiteElo "2649"]
[BlackElo "2732"]
[EventDate "2025.06.11"]
[Board "1"]

1. Nf3 d5 2. b3 Bf5 3. Bb2 e6 4. g3 h6 5. Bg2 Nf6 6. O-O Be7 7. d3 O-O 8.
Nc3 Bh7 9. e4 c6 10. Qe2 a5 11. a3 Qc7 12. Ne1 Nbd7 13. f4 dxe4 14. Nxe4 a4
15. b4 c5 16. Nxf6+ Bxf6 17. Bxf6 Nxf6 18. Qe5 Rac8 19. Qxc7 Rxc7 20. bxc5
Rd8 21. Ra2 Nd5 22. Bxd5 Rxd5 23. Kf2 Rdxc5 24. Ke3 Bf5 25. Kd2 Bg4 26. Rf2
Rb5 27. Kc1 Rb3 28. Ra1 b5 29. Kd2 Rbc3 30. Ra2 f6 31. Ng2 e5 32. Ne3 Be6
33. Ra1 R3c5 34. fxe5 fxe5 35. Rb1 Rd7 36. Rb4 Rd4 37. Rb2 Rd7 38. Rb4 Rd4
39. Nd1 Rxb4 40. axb4 Rc8 41. Nc3 a3 42. Rf1 a2 43. Ra1 Rf8 44. Nxb5 Rb8
45. c4 Rd8 46. Ke3 Bf5 47. Rxa2 Rxd3+ 48. Kf2 Be6 49. Rc2 Rb3 50. Nc7 Bf5
51. Re2 Rxb4 52. Nd5 Rb7 53. Rxe5 Bg4 54. Ke3 Rb2 55. h4 h5 56. Kd4 Ra2 57.
Nf4 Rd2+ 58. Kc5 Rc2 59. Rg5 Kf7 60. Nxh5 Be2 61. Rxg7+ Ke6 62. Nf4+ Kf6
63. Rg6+ Kf7 64. Rc6 Rxc4+ 65. Kd5 Rxc6 66. Kxc6 Bf3+ 67. Kc5 Kf6 68. Kd4
Kf5 69. Ke3 Kg4 70. Kf2 Be4 71. Ng2 Kh3 72. Ne3 Bg6 73. Kf3 Bh5+ 74. Kf4
Be2 75. Nd5 1-0

[Event "FIDE World Rapid Team"]
[Site "London ENG"]
[Date "2025.06.13"]
[Round "9.3"]
[White "Sindarov, Javokhir"]
[Black "Svane, Rasmus"]
[Result "1-0"]
[WhiteElo "2668"]
[BlackElo "2616"]
[EventDate "2025.06.11"]
[Board "2"]

1. e4 e5 2. Nf3 Nc6 3. Bc4 Nf6 4. d3 h6 5. O-O Bc5 6. Nc3 O-O 7. h3 d6 8.
Na4 Bb6 9. a3 Re8 10. b4 Bd7 11. c3 Ne7 12. Bb3 Ng6 13. Nh2 Be6 14. Bxe6
Rxe6 15. Nxb6 axb6 16. c4 c6 17. g3 d5 18. Ng4 dxe4 19. Nxf6+ Rxf6 20. dxe4
Rd6 21. Qg4 Rd4 22. Be3 Rxc4 23. Rfd1 Qf6 24. Rd7 Nf8 25. Rxb7 b5 26. Rd1
Rc3 27. Qf5 Rcxa3 28. Rd6 Qxf5 29. exf5 Rc8 30. Kg2 Nh7 31. Rdd7 Nf6 32.
Rxf7 Ne8 33. Bc5 Raa8 1-0

[Event "FIDE World Rapid Team"]
[Site "London ENG"]
[Date "2025.06.13"]
[Round "9.3"]
[White "Svane, Frederik"]
[Black "Yakubboev, Nodirbek"]
[Result "1-0"]
[WhiteElo "2476"]
[BlackElo "2547"]
[EventDate "2025.06.11"]
[Board "3"]

1. e4 e5 2. Nf3 Nc6 3. Bb5 a6 4. Ba4 Nf6 5. Nc3 d6 6. Bxc6+ bxc6 7. d4 Nd7
8. Be3 a5 9. O-O Ba6 10. Re1 Be7 11. Qd2 f6 12. b3 O-O 13. Rad1 Qe8 14. Nh4
g6 15. Nf3 Nb6 16. a4 Rf7 17. h3 Bf8 18. Ne2 c5 19. dxc5 dxc5 20. c4 Rd7
21. Qc2 Bc8 22. Nc3 c6 23. Ne2 Rb7 24. Nh2 Be6 25. f4 exf4 26. Nxf4 Nd7 27.
Nf3 Bf7 28. Nd3 Rab8 29. Bf4 Rxb3 30. Bxb8 Qxb8 31. e5 fxe5 32. Nfxe5 Nxe5
33. Nxe5 Rb2 34. Qe4 Bg7 35. Nxf7 Bd4+ 36. Rxd4 cxd4 37. Nh6+ Kg7 38. Ng4
Qd6 39. c5 Qxc5 40. Qf4 d3+ 41. Kh2 1-0

[Event "FIDE World Rapid Team"]
[Site "London ENG"]
[Date "2025.06.13"]
[Round "9.3"]
[White "Vokhidov, Shamsiddin"]
[Black "Kollars, Dmitrij"]
[Result "1-0"]
[WhiteElo "2519"]
[BlackElo "2553"]
[EventDate "2025.06.11"]
[Board "4"]

1. e4 e5 2. Nf3 Nc6 3. Bb5 a6 4. Ba4 Be7 5. O-O Nf6 6. Re1 b5 7. Bb3 O-O 8.
a4 Rb8 9. axb5 axb5 10. d3 d6 11. h3 h6 12. c3 b4 13. Be3 bxc3 14. bxc3 Be6
15. Bxe6 fxe6 16. Nbd2 Qd7 17. Qa4 Rb7 18. Reb1 Rxb1+ 19. Rxb1 Nd4 20. Qa5
Nxf3+ 21. Nxf3 Qc6 22. Qa2 Kf7 23. c4 Nd7 24. Qe2 Rb8 25. Rc1 Bf6 26. Nh2
Rb3 27. Ng4 Qb7 28. Kh2 Rb1 29. Rc2 Qb3 30. c5 dxc5 31. Nxf6 gxf6 32. Bxc5
Re1 33. Qh5+ Kg7 34. Qe8 Qxd3 35. Bf8+ Kg8 36. Bb4+ 1-0

[Event "FIDE World Rapid Team"]
[Site "London ENG"]
[Date "2025.06.13"]
[Round "9.3"]
[White "Wagner, Dinara"]
[Black "Tokhirjonova, Gulrukhbegim"]
[Result "1-0"]
[WhiteElo "2372"]
[BlackElo "2282"]
[EventDate "2025.06.11"]
[Board "5"]

1. d4 Nf6 2. c4 e6 3. Nc3 Bb4 4. e3 O-O 5. a3 Bxc3+ 6. bxc3 d6 7. Ne2 Nbd7
8. Ng3 Re8 9. Bd3 e5 10. O-O Nf8 11. e4 Ng6 12. f4 exf4 13. Bxf4 Ng4 14. h3
Nxf4 15. Rxf4 Nh6 16. Qh5 c5 17. Raf1 Qe7 18. e5 dxe5 19. Rxf7 Qd8 20. d5
Bd7 21. Ne4 Nxf7 22. Rxf7 Rf8 23. Nf6+ Qxf6 24. Bxh7+ Kh8 25. Bg6+ 1-0

[Event "FIDE World Rapid Team"]
[Site "London ENG"]
[Date "2025.06.13"]
[Round "9.3"]
[White "Imomkuzieva, Nilufarkhon"]
[Black "Lobkin, Bohdan"]
[Result "1/2-1/2"]
[WhiteElo "1943"]
[BlackElo "1902"]
[EventDate "2025.06.11"]
[Board "6"]

1. e4 d5 2. exd5 Qxd5 3. Nc3 Qe5+ 4. Be2 Bg4 5. d4 Bxe2 6. Qxe2 Qxe2+ 7.
Ngxe2 Nf6 8. Bf4 c6 9. O-O-O e6 10. h3 Nbd7 11. Ng3 Bb4 12. Nge4 Bxc3 13.
Nxc3 O-O 14. Rhe1 b5 15. Ne4 Nxe4 16. Rxe4 Nf6 17. Ree1 Rfd8 18. Bg5 Rd5
19. Bxf6 gxf6 20. c3 Kf8 21. Kc2 Ke7 22. Ra1 c5 23. dxc5 Rxc5 24. Re4 Rg8
25. Rg4 Rg6 26. Kb3 f5 27. Rxg6 hxg6 28. a4 bxa4+ 29. Rxa4 Rc7 30. Ra6 f4
31. c4 Kf6 32. Kc3 Ke5 33. f3 Kf5 34. b4 e5 35. Rd6 Kg5 36. c5 Kh4 37. Kc4
Kg3 38. Rd2 f5 39. Re2 e4 40. fxe4 f3 41. gxf3 Kxf3 42. Re1 fxe4 43. Kd5 e3
44. Kd6 Rb7 45. Rb1 e2 46. c6 Rxb4 47. Rxb4 e1=Q 48. Rb3+ Ke4 49. c7 Qd1+
50. Ke7 Qxb3 51. c8=Q Qb6 52. Kf7 a5 53. h4 Kf4 54. Kg7 Kg3 55. Qc4 Kf3 56.
Qd5+ Ke3 57. Qg5+ Kd3 58. Qg3+ Kc4 59. Qe1 Kd5 60. Qh1+ Ke5 61. Qa1+ Kf4
62. Qc1+ Kf5 63. Qc2+ Ke5 64. Qe2+ Kd5 65. Qg2+ Kc4 66. Qc2+ Kb5 67. Qb3+
Ka6 68. Qd3+ Ka7 69. Kh6 a4 70. Qd7+ Kb8 71. Qxa4 Qf6 72. Qb4+ Kc8 73. Qc5+
Kd7 74. Qg5 Ke7 75. Qc5+ Kf7 76. Qc7+ Kf8 77. Qc8+ Kf7 78. Qc7+ Kf8 79.
Qc8+ Kf7 80. Qb7+ Kg8 81. Qc8+ Kf7 82. Qd7+ Kg8 83. Qc8+ Kf7 84. Qd7+ Kf8
85. Qc8+ Kf7 1/2-1/2

[Event "FIDE World Rapid Team"]
[Site "London ENG"]
[Date "2025.06.13"]
[Round "9.4"]
[White "Van Foreest, Jorden"]
[Black "Vachier-Lagrave, Maxime"]
[Result "1/2-1/2"]
[WhiteElo "2640"]
[BlackElo "2735"]
[EventDate "2025.06.11"]
[Board "1"]

1. e4 c5 2. Nf3 d6 3. d4 cxd4 4. Nxd4 Nf6 5. Nc3 a6 6. Bd3 e5 7. Nde2 Nc6
8. O-O Be6 9. Kh1 Rc8 10. f4 exf4 11. Nxf4 Ne5 12. h3 g6 13. Be3 Bg7 14. a4
O-O 15. a5 Nc4 16. Bxc4 Rxc4 17. Qd3 Qc8 18. Bd4 Nh5 19. Bxg7 Nxf4 20. Rxf4
Kxg7 21. Qxd6 Qb8 22. Qxb8 Rxb8 23. Rf3 b5 24. axb6 Rxb6 25. b3 Rc7 26. Na4
Rb4 27. c4 Bd7 28. Nb2 Bc6 29. Re3 Rcb7 30. Ra3 a5 31. e5 a4 32. Nxa4 Bxa4
33. bxa4 Rxc4 34. a5 Rc6 35. Reb3 Rxb3 36. Rxb3 Rc1+ 37. Kh2 Ra1 38. Rb5
Ra3 39. Kg1 Ra2 40. Kh2 Ra3 41. Rb7 Rxa5 42. e6 Kf6 43. exf7 Ra8 44. f8=Q+
Rxf8 45. Rxh7 Ra8 46. h4 Ra3 47. Rb7 Rc3 48. g4 Rc2+ 49. Kg3 Rc3+ 50. Kf4
g5+ 51. hxg5+ Kg6 52. Rb6+ Kg7 53. Rb7+ 1/2-1/2

[Event "FIDE World Rapid Team"]
[Site "London ENG"]
[Date "2025.06.13"]
[Round "9.4"]
[White "Dardha, Daniel"]
[Black "Duda, Jan-Krzysztof"]
[Result "1-0"]
[WhiteElo "2582"]
[BlackElo "2718"]
[EventDate "2025.06.11"]
[Board "3"]

1. e4 e5 2. Nf3 Nc6 3. Bc4 Bc5 4. c3 Nf6 5. d4 exd4 6. e5 d5 7. Bb5 Ne4 8.
cxd4 Bb6 9. Nc3 O-O 10. Be3 Bg4 11. h3 Bh5 12. Rc1 Nxc3 13. bxc3 f6 14.
exf6 Qxf6 15. Be2 Rae8 16. O-O Qd6 17. Re1 h6 18. Rc2 Ba5 19. Nd2 Bg6 20.
Rc1 Ne7 21. Nf3 Be4 22. Ne5 Ng6 23. f3 Bf5 24. f4 Be4 25. Bh5 Re7 26. Qg4
Nxe5 27. fxe5 Qe6 28. Qg3 c5 29. Rf1 Rxf1+ 30. Rxf1 Bxc3 31. Rf6 Qc8 32. e6
Qc7 33. Bf7+ Kf8 34. Rxh6 1-0

[Event "FIDE World Rapid Team"]
[Site "London ENG"]
[Date "2025.06.13"]
[Round "9.4"]
[White "So, Wesley"]
[Black "Maurizzi, Marc`andria"]
[Result "1-0"]
[WhiteElo "2714"]
[BlackElo "2472"]
[EventDate "2025.06.11"]
[Board "4"]

1. d4 d5 2. c4 e6 3. Nc3 Be7 4. cxd5 exd5 5. Bf4 Nf6 6. e3 Bf5 7. Qb3 Nc6
8. g4 Bxg4 9. Qxb7 Nb4 10. Rc1 O-O 11. a3 a5 12. h3 Bf5 13. axb4 axb4 14.
Nce2 Ra2 15. Ng3 Be4 16. Nxe4 Nxe4 17. Bd3 Rxb2 18. Bxe4 dxe4 19. Qxe4 Qd7
20. Nf3 Qb5 21. Nd2 Bh4 22. Rc2 Rxc2 23. Qxc2 Ra8 24. Nb3 Ra3 25. Kd2 Qd5
26. Rb1 Bxf2 27. Rb2 h6 28. Qxc7 Qg2 29. Qc8+ Kh7 30. Qc2+ Kg8 31. Kd3 Qf1+
32. Qe2 Qc1 33. Qxf2 Qc3+ 34. Ke4 Rxb3 35. Rxb3 Qxb3 36. Qd2 Qe6+ 37. Kd3
Qb3+ 38. Ke2 Qc4+ 39. Kf2 b3 40. d5 Qb5 41. Be5 f6 42. Bb2 Qd7 43. Kg2 Kf7
44. Qd3 Qa4 45. e4 Qa2 46. Qd4 Ke8 47. e5 fxe5 48. Qxe5+ Kd7 49. Qxg7+ Kd6
50. Qe5+ Kc5 51. Qd4+ Kd6 52. Kf3 Qa8 53. Qf4+ Kc5 54. Ba3+ 1-0

[Event "FIDE World Rapid Team"]
[Site "London ENG"]
[Date "2025.06.13"]
[Round "9.4"]
[White "Roebers, Eline"]
[Black "Hou, Yifan"]
[Result "0-1"]
[WhiteElo "2404"]
[BlackElo "2539"]
[EventDate "2025.06.11"]
[Board "5"]

1. e4 c5 2. Nf3 Nc6 3. d4 cxd4 4. Nxd4 e5 5. Nb5 d6 6. c4 Be7 7. N1c3 a6 8.
Na3 Be6 9. Be3 Bg5 10. Nc2 Bxe3 11. Nxe3 Nf6 12. Be2 O-O 13. O-O Nd4 14.
Nc2 Nxc2 15. Qxc2 Rc8 16. Qa4 Qb6 17. Rab1 Qc5 18. Rbc1 Bxc4 19. Nd5 Nxd5
20. Rxc4 Nb6 21. Rxc5 Nxa4 22. Rd5 Rfd8 23. f4 exf4 24. Rfd1 Nxb2 25. R1d2
Nc4 26. Bxc4 Rxc4 27. e5 Kf8 28. exd6 Rd7 29. Kf2 f6 30. Kf3 Kf7 31. h4 h6
32. h5 Ke6 33. R5d3 Rc5 34. Kg4 Rg5+ 35. Kh4 b5 36. Rd4 a5 37. a3 a4 38.
R4d3 Rg3 39. Re2+ Re3 40. Rexe3+ fxe3 41. Rxe3+ Kxd6 42. Kg4 Kc5 0-1

[Event "FIDE World Rapid Team"]
[Site "London ENG"]
[Date "2025.06.13"]
[Round "9.4"]
[White "Rosenstein, Wadim"]
[Black "Phulpin, Theo"]
[Result "0-1"]
[WhiteElo "1704"]
[BlackElo "1754"]
[EventDate "2025.06.11"]
[Board "6"]

1. c4 f5 2. Nf3 Nf6 3. g3 g6 4. Bg2 Bg7 5. O-O O-O 6. Nc3 d6 7. d4 Qe8 8.
Re1 Qf7 9. b3 Ne4 10. Qc2 Nxc3 11. Qxc3 Nc6 12. Bb2 e5 13. dxe5 h6 14. e6
Bxe6 15. Qxg7+ Qxg7 16. Bxg7 Kxg7 17. Rad1 Rae8 18. Nd4 Bd7 19. Nb5 Rc8 20.
e4 a6 21. Nc3 fxe4 22. Rxe4 Bf5 23. Re3 Rce8 24. Rde1 Rxe3 25. Rxe3 Rf7 26.
f4 Bd7 27. Bd5 Rf8 28. Bg2 Rf7 29. Nd5 Bf5 30. Nc3 Bd7 31. h4 Bf5 32. Kf2
Kf8 33. Ne2 Re7 34. Bxc6 bxc6 35. Nd4 Rxe3 36. Kxe3 Bd7 37. Ke4 c5 38. Ne2
Bc6+ 39. Ke3 Ke7 40. g4 Kf6 41. Nc3 Ke6 42. Ne4 Bd7 43. Ng3 c6 44. f5+ gxf5
45. Nxf5 Ke5 46. Nxh6 d5 47. g5 d4+ 48. Kf3 Be8 49. Ng4+ Kf5 50. Nf6 Bf7
51. Kg3 a5 52. Kf3 Be6 53. Ne4 Bf7 54. Nxc5 Bh5+ 55. Kg3 Ke5 56. Nd7+ Kf5
57. Nc5 Ke5 58. Nd3+ Ke4 59. Nf4 d3 60. Nxh5 d2 61. Nf6+ Kd4 62. g6 d1=Q
63. Kf4 Qd2+ 64. Kf5 Qh6 65. Ng4 Qxh4 66. Ne5 Qh5+ 67. Kf6 Qxe5+ 68. Kf7
Kc3 69. g7 Qf5+ 70. Ke7 Qg6 71. Kf8 Qf6+ 72. Kg8 Kb2 73. Kh7 Qf7 74. Kh8
Qxg7+ 75. Kxg7 Kxa2 76. Kf6 Kxb3 77. c5 Kc4 0-1

[Event "FIDE World Rapid Team"]
[Site "London ENG"]
[Date "2025.06.13"]
[Round "9.5"]
[White "Nihal, Sarin"]
[Black "Mcshane, Luke J"]
[Result "1-0"]
[WhiteElo "2676"]
[BlackElo "2702"]
[EventDate "2025.06.11"]
[Board "1"]

1. d4 Nf6 2. Nf3 e6 3. Bg5 h6 4. Bh4 d6 5. Nbd2 g5 6. Bg3 Nh5 7. e4 Bg7 8.
c3 a6 9. Bd3 Nd7 10. Qe2 Qe7 11. O-O b6 12. h3 Nxg3 13. fxg3 h5 14. Rf2 Bb7
15. Raf1 Rf8 16. a4 c5 17. e5 d5 18. h4 gxh4 19. Nxh4 Bh6 20. Rxf7 Rxf7 21.
Bg6 O-O-O 22. Rxf7 Qg5 23. Nf1 cxd4 24. cxd4 Qg4 25. Qxg4 hxg4 26. Bh5 Rg8
27. Rh7 Bc1 28. Bf7 Nf8 29. Bxg8 Nxh7 30. Bxh7 Bxb2 31. Kf2 Bxd4+ 32. Ne3
Bc6 33. Ke2 Bxe5 34. Ng6 Bd6 35. Bg8 e5 36. Nxd5 Kb7 37. Nc3 Bb4 38. Kd3
e4+ 39. Nxe4 Bxa4 40. Ne5 a5 41. Nxg4 Bb5+ 42. Bc4 Be8 43. Ne5 a4 44. Nf6
Bd6 45. Kd4 Bc6 46. Nxc6 Kxc6 47. Ne4 Bf8 48. Nc3 Bg7+ 49. Kd3 a3 50. Ne4
b5 51. Ba2 Bb2 52. g4 Kd7 53. g5 Ke7 54. Ng3 Kd6 55. g6 Ke7 56. Nf5+ Kf8
57. Ke4 1-0

[Event "FIDE World Rapid Team"]
[Site "London ENG"]
[Date "2025.06.13"]
[Round "9.5"]
[White "Vitiugov, Nikita"]
[Black "Eljanov, Pavel"]
[Result "1-0"]
[WhiteElo "2590"]
[BlackElo "2614"]
[EventDate "2025.06.11"]
[Board "2"]

1. d4 d5 2. c4 e6 3. Nc3 Nf6 4. cxd5 exd5 5. Bg5 c6 6. e3 h6 7. Bh4 Be7 8.
Bd3 O-O 9. Nge2 Re8 10. O-O Nh5 11. Bxe7 Qxe7 12. Qd2 Nd7 13. Rae1 Nf8 14.
Nc1 Be6 15. f3 Rad8 16. Qf2 b6 17. a3 Nf6 18. Nb3 c5 19. Nd2 Bc8 20. h3 Ne6
21. f4 Bb7 22. Bb5 Rf8 23. Bd3 Rfe8 24. Bb5 Rf8 25. Bd3 a6 26. Kh2 b5 27.
Bf5 b4 28. axb4 cxb4 29. Na4 Bc6 30. Ra1 Bb5 31. Rfe1 Rfe8 32. Nb3 Qd6 33.
Nac5 Nxc5 34. Nxc5 Qb6 35. g4 a5 36. g5 hxg5 37. fxg5 Nh5 38. Bg4 g6 39.
Bxh5 gxh5 40. Qf3 Qd6+ 41. Qg3 Qxg3+ 42. Kxg3 Ra8 43. b3 Kg7 44. Ra2 Re7
45. Kh4 Kg6 46. Rf2 a4 47. Rf6+ Kg7 48. Rb6 Be8 49. bxa4 Bxa4 50. Ra1 Bc6
51. Rxa8 Bxa8 52. Kxh5 Rxe3 53. Kg4 Rc3 54. Ra6 Ra3 55. Rb6 Rc3 56. Rxb4
Rc4 57. Rxc4 dxc4 58. Na4 f6 59. Kf5 fxg5 60. Kxg5 Kf7 61. Nc3 Bc6 62. h4
Bd7 63. d5 Kg7 64. Ne4 Ba4 65. h5 Bc2 66. Nd6 Bd3 67. Nb5 Kf7 68. Nc3 Ke7
69. Nb5 Kf7 70. h6 Ke7 71. Nc3 Kf7 72. Kf4 Kf6 73. Ne4+ Kg6 74. d6 c3 75.
Nxc3 Kf7 76. Ne4 Bb5 77. Kg5 Ba4 78. Ng3 Bd7 79. Nh5 1-0